书目信息 |
| 题名: |
女人的宗教
|
|
| 作者: | ;中国作家协会创研部 选编 | |
| 分册: | ||
| 出版信息: | 长春 时代文艺出版社 2003.01 |
|
| 页数: | 484页 | |
| 开本: | 20cm | |
| 丛书名: | 新时期争鸣作品丛书 | |
| 单 册: | ||
| 中图分类: | I247.7 , I207.427 | |
| 科图分类: | ||
| 主题词: | 中篇小说--zhong pian xiao shuo--文学评论--中国--现代--文集 , 中篇小说--zhong pian xiao shuo--现代--中国--选集 , 短篇小说--duan pian xiao shuo--中国--当代--选集 , 短篇小说--duan pian xiao shuo--文学评论--中国--现代--文集 | |
| 电子资源: | ||
| ISBN: | 7-5387-1740-4 | |
| 000 | 01232nam 2200301 450 | |
| 001 | 012008628421 | |
| 005 | 20080318100332.81 | |
| 010 | @a7-5387-1740-4@dCNY25.00 | |
| 100 | @a20080317d2003 km y0chiy0120 ea | |
| 101 | 0 | @achi |
| 102 | @aCN@b220000 | |
| 105 | @aa z 000ay | |
| 106 | @ar | |
| 200 | 1 | @a女人的宗教@Anu ren de zong jiao@f中国作家协会创研部选编@Fzhong guo zuo jia xie hui chuang yan bu xuan bian |
| 210 | @a长春@c时代文艺出版社@d2003.01 | |
| 215 | @a484页@c图@d20cm | |
| 225 | 2 | @a新时期争鸣作品丛书@Axin shi qi zheng ming zuo pin cong shu |
| 330 | @a本书收录了数十篇争鸣中短篇小说。每篇小说后面还附有两篇持不同看法的有代表性的评论性文章,还有作者本人对自己作品的阐释或创作经验的文章。 | |
| 410 | 0 | @12001 @a新时期争鸣作品丛书 |
| 606 | 0 | @a中篇小说@Azhong pian xiao shuo@x文学评论@y中国@z现代@j文集 |
| 606 | 0 | @a中篇小说@Azhong pian xiao shuo@z现代@y中国@j选集 |
| 606 | 0 | @a短篇小说@Aduan pian xiao shuo@y中国@z当代@j选集 |
| 606 | 0 | @a短篇小说@Aduan pian xiao shuo@x文学评论@y中国@z现代@j文集 |
| 690 | @aI247.7@v4 | |
| 690 | @aI207.427@v4 | |
| 711 | 02 | @a中国作家协会创研部@Azhong guo zuo jia xie hui chuang yan bu@4选编 |
| 801 | 0 | @aCN@bQSSK@c20080318 |
| 905 | @b20286217-19@dI247.7@eZ662@f3 | |
| 女人的宗教/中国作家协会创研部选编.-长春:时代文艺出版社,2003.01 |
| 484页:图;20cm.-(新时期争鸣作品丛书) |
| ISBN 7-5387-1740-4:CNY25.00 |
| 本书收录了数十篇争鸣中短篇小说。每篇小说后面还附有两篇持不同看法的有代表性的评论性文章,还有作者本人对自己作品的阐释或创作经验的文章。 |
| ● |
| 相关链接 |
|
|
|
正题名:女人的宗教
索取号:I247.7/Z662
 
预约/预借
| 序号 | 登录号 | 条形码 | 馆藏地/架位号 | 状态 | 备注 |
| 1 | 286217 | 202862170 | 文学库108/400A自科库 48排1列2层/ [索取号:I247.7/Z662] | 在馆 | |
| 2 | 286218 | 202862189 | 文学库108/108文学库 998排1列1层/ [索取号:I247.7/Z662] | 在馆 | |
| 3 | 286219 | 202862198 | 文学库108/108文学库 998排1列1层/ [索取号:I247.7/Z662] | 在馆 |